| 000 | 00787nam a2200241Ia 4500 | ||
|---|---|---|---|
| 005 | 20240530104336.0 | ||
| 008 | 140319s1972 xx 000 0 ara d | ||
| 040 |
_aGCL / _cGCL |
||
| 082 | 0 | 4 |
_a550 / _bب ا |
| 100 | 1 | _aبيزر ، ارثر | |
| 245 | 1 | 0 |
_aالارض / _cتاليف بيزر ارثر ؛ مترجم محمد جمال الدين الفندى |
| 260 | _c1970 | ||
| 300 |
_a182 ص ؛ _c26 سم |
||
| 490 |
_aلايف المكتبة العلمية _v( 1 ) |
||
| 650 | 0 | 4 | _aالجغرافيا الطبيعية |
| 650 | 0 | 4 | _aالجيولوجيا |
| 650 | 0 | 4 | _aالارض |
| 650 | 0 | 4 | _aالكون |
| 650 | 0 | 4 | _aالكوارث |
| 700 | 1 |
_aمحمد جمال الدين الفندى _eمترجم |
|
| 942 |
_2ddc _cBK |
||
| 999 |
_c46642 _d46642 |
||